[Event "GRE-chT2 48th"]
[Site "Thessaloniki"]
[Date "2021.10.09"]
[Round "6.2"]
[White "Karavitaki, Evaggelia"]
[Black "Louka, Magdalini"]
[Result "1-0"]
[WhiteElo "1794"]
[BlackElo "1714"]
[PlyCount "105"]
[EventDate "2021.10.05"]
[EventType "team-swiss"]
[EventRounds "7"]
[EventCountry "GRE"]
[SourceTitle "CBM 204 Extra"]
[Source "ChessBase"]
[SourceDate "2021.11.30"]
[SourceVersion "1"]
[SourceVersionDate "2021.11.30"]
[SourceQuality "1"]
[WhiteTeam "Chania SA"]
[BlackTeam "Thessaloniki ES"]
[WhiteTeamCountry "GRE"]
[BlackTeamCountry "GRE"]

1. e4 c5 2. Nf3 g6 3. d4 cxd4 4. Nxd4 Nc6 5. c4 Bg7 6. Be3 Nf6 7. Nc3 0-0 8. Be2 d6 9. 0-0 Bd7 10. h3 Nxd4 11. Bxd4 Bc6 12. Qc2 a5 13. Rad1 a4 14. c5 Qa5 15. cxd6 exd6 16. Bf3 Rac8 17. Qd2 Rfe8 18. Rfe1 a3 19. b3 Re6 20. Bg4 Nxg4 21. hxg4 Bxd4 22. Qxd4 Rce8 23. f3 Qe5 24. Nd5 Bxd5 25. Qxd5 Qb2 26. Rd2 Qc3 27. Red1 Qc5+ 28. Kh1 b5 29. Qd4 b4 30. Qd5 Rc8 31. Rd4 Qxd5 32. Rxd5 Rc2 33. R1d2 Rxd2 34. Rxd2 Kf8 35. Rd4 d5 36. Rxb4 dxe4 37. Rxe4 Rc6 38. Ra4 Rc1+ 39. Kh2 g5 40. Rxa3 Rc2 41. Ra5 h6 42. a4 Rb2 43. Rb5 Ke7 44. a5 Ra2 45. b4 Ra4 46. Rb6 Kd7 47. a6 Kc7 48. Rb7+ Kc8 49. b5 Ra5 50. Kg3 Ra4 51. Rxf7 Rb4 52. a7 Ra4 53. b6 1-0

[Event "Balkan-ch U16 Girls"]
[Site "Tornelo INT"]
[Date "2020.10.31"]
[Round "2"]
[White "Karavitaki, Evaggelia"]
[Black "Sharku, Elma"]
[Result "1-0"]
[WhiteElo "1374"]
[BlackElo "1408"]
[PlyCount "29"]
[EventDate "2020.10.31"]
[EventType "swiss"]
[EventRounds "7"]
[EventCountry "NET"]
[SourceTitle "EXT 2023"]
[Source "ChessBase"]
[SourceDate "2022.10.05"]
[SourceVersion "1"]
[SourceVersionDate "2022.10.05"]
[SourceQuality "1"]

1. e4 d6 2. d4 Nf6 3. Nc3 g6 4. f4 Bg7 5. Nf3 0-0 6. Bd3 c5 7. d5 Nbd7 8. 0-0 b6 9. Qe1 Bb7 10. Qh4 e6 11. dxe6 fxe6 12. Ng5 Rc8 13. Nxe6 Qe7 14. Nxf8 Kh8 15. Nxg6+ 1-0

[Event "GRE-ch U20 Girls"]
[Site "Trikala"]
[Date "2020.08.22"]
[Round "8"]
[White "Apostolidou, Eleni"]
[Black "Karavitaki, Evaggelia"]
[Result "0-1"]
[WhiteElo "1487"]
[BlackElo "1720"]
[PlyCount "68"]
[EventDate "2020.08.17"]
[EventType "swiss"]
[EventRounds "9"]
[EventCountry "GRE"]
[SourceTitle "CBM 198 Extra"]
[Source "ChessBase"]
[SourceDate "2020.11.30"]
[SourceVersion "1"]
[SourceVersionDate "2020.11.30"]
[SourceQuality "1"]

1. d4 Nf6 2. Nf3 e6 3. e3 c5 4. Bd3 b6 5. 0-0 Bb7 6. Nbd2 Nc6 7. a3 d5 8. b3 Bd6 9. Bb2 0-0 10. Ne5 Qc7 11. f4 Ne7 12. Qf3 c4 13. Rac1 cxd3 14. cxd3 Qd8 15. Qh3 Rc8 16. Ndf3 Rxc1 17. Rxc1 Qb8 18. Ng5 h6 19. Ngf3 Rc8 20. Rb1 Rc2 21. Ne1 Rc7 22. Qf3 Qc8 23. Rd1 Nc6 24. Rd2 Qf8 25. b4 a5 26. b5 Na7 27. a4 Bb4 28. Rd1 Bxe1 29. Rxe1 Qb4 30. Qf2 Qxa4 31. Ra1 Qxa1+ 32. Bxa1 Rc1+ 33. Qf1 Rxf1+ 34. Kxf1 Nxb5 0-1

[Event "GRE-ch U20 Girls"]
[Site "Trikala"]
[Date "2020.08.20"]
[Round "6"]
[White "Karavitaki, Evaggelia"]
[Black "Apostolakaki, Evangelia"]
[Result "1/2-1/2"]
[WhiteElo "1720"]
[BlackElo "1617"]
[PlyCount "76"]
[EventDate "2020.08.17"]
[EventType "swiss"]
[EventRounds "9"]
[EventCountry "GRE"]
[SourceTitle "CBM 198 Extra"]
[Source "ChessBase"]
[SourceDate "2020.11.30"]
[SourceVersion "1"]
[SourceVersionDate "2020.11.30"]
[SourceQuality "1"]

1. e4 c5 2. Nf3 Nc6 3. Bb5 g6 4. 0-0 Nf6 5. Re1 Bg7 6. c3 0-0 7. h3 Qb6 8. Ba4 d5 9. e5 Ne8 10. d4 cxd4 11. cxd4 Nc7 12. Nc3 Rd8 13. Bb3 Na5 14. Na4 Qc6 15. Bc2 Ne6 16. b3 b5 17. Nb2 Qb6 18. Be3 f6 19. Nd3 Nc6 20. exf6 exf6 21. Nf4 Nxf4 22. Bxf4 Bd7 23. Qd2 Re8 24. Rad1 Rac8 25. Bb1 a5 26. Bc2 b4 27. Re3 Na7 28. Bd3 Bb5 29. Rde1 Rxe3 30. Rxe3 Bxd3 31. Qxd3 Nb5 32. Qe2 Qc6 33. Re6 Qd7 34. Re7 Qc6 35. Re6 Qd7 36. Re7 Qc6 37. Re6 Nc3 38. Qe3 Qd7 1/2-1/2

[Event "GRE-ch U18 Girls 22nd"]
[Site "Rethymno"]
[Date "2020.01.08"]
[Round "9"]
[White "Karavitaki, Evaggelia"]
[Black "Christodoulou, Georgia"]
[Result "1/2-1/2"]
[WhiteElo "1815"]
[BlackElo "1206"]
[PlyCount "113"]
[EventDate "2020.01.02"]
[EventType "swiss"]
[EventRounds "9"]
[EventCountry "GRE"]
[SourceTitle "EXT 2021"]
[Source "ChessBase"]
[SourceDate "2020.10.23"]
[SourceVersion "1"]
[SourceVersionDate "2020.10.23"]
[SourceQuality "1"]

1. c4 e6 2. Nf3 d5 3. g3 Nf6 4. Bg2 d4 5. 0-0 c5 6. d3 Bd6 7. e3 Nc6 8. exd4 cxd4 9. Qe2 0-0 10. Bg5 h6 11. Bxf6 Qxf6 12. Re1 Re8 13. Nbd2 Qe7 14. a3 a5 15. Nb3 e5 16. Qc2 Qf8 17. c5 Bc7 18. Nbd2 Bf5 19. Rac1 Re6 20. Nh4 Bh7 21. Be4 Bxe4 22. Nxe4 a4 23. Qc4 Qe8 24. b4 axb3 25. Qxb3 Na5 26. Qb4 Rea6 27. Nf5 Qd7 28. Nfd6 Bxd6 29. Nxd6 Nc6 30. Qxb7 Qxb7 31. Nxb7 Rxa3 32. Red1 Rb3 33. Nd6 Ra5 34. Kf1 Rc3 35. Ne4 Rxc1 36. Rxc1 Kf8 37. Ke2 Ke7 38. Rc2 Ke6 39. Rb2 f5 40. Nd6 Rxc5 41. Nb5 e4 42. Kd2 Ke5 43. Ke2 g5 44. h3 f4 45. dxe4 Kxe4 46. Nd6+ Kd5 47. Nf7 fxg3 48. fxg3 Rc3 49. Kf2 d3 50. Ke3 Kc4 51. Nd6+ Kd5 52. Ne4 Rc2 53. Rb5+ Kc4 54. Nd6+ Kc3 55. Ne4+ Kc4 56. Nd6+ Kc3 57. Ne4+ 1/2-1/2

[Event "GRE-ch U18 Girls 22nd"]
[Site "Rethymno"]
[Date "2020.01.03"]
[Round "2"]
[White "Ergazaki, Eirini"]
[Black "Karavitaki, Evaggelia"]
[Result "1/2-1/2"]
[WhiteElo "1464"]
[BlackElo "1815"]
[PlyCount "87"]
[EventDate "2020.01.02"]
[EventType "swiss"]
[EventRounds "9"]
[EventCountry "GRE"]
[SourceTitle "EXT 2021"]
[Source "ChessBase"]
[SourceDate "2020.10.23"]
[SourceVersion "1"]
[SourceVersionDate "2020.10.23"]
[SourceQuality "1"]

1. e4 c5 2. Nf3 e6 3. d3 Nc6 4. g3 d6 5. Bg2 Nf6 6. 0-0 Be7 7. Nbd2 0-0 8. c3 Qc7 9. h4 Rb8 10. Nh2 b5 11. f4 Nd7 12. f5 exf5 13. exf5 Nce5 14. Ndf3 Bb7 15. d4 Nxf3+ 16. Bxf3 b4 17. Bg5 Nf6 18. g4 h6 19. Be3 Bxf3 20. Qxf3 Qb7 21. Qh3 Nd5 22. g5 Nxe3 23. Qxe3 hxg5 24. hxg5 Rfe8 25. Qg3 cxd4 26. cxd4 Bf8 27. Ng4 Be7 28. f6 Bd8 29. Nh6+ Kh8 30. Qh2 Qe4 31. fxg7+ Kxg7 32. Nf5+ Kg8 33. Qh5 Rb7 34. Nh6+ Kg7 35. Nf5+ Kg8 36. Rae1 Qxe1 37. Rxe1 Rxe1+ 38. Kf2 Re6 39. Qf3 Rc7 40. Qa8 Re8 41. Nxd6 Rf8 42. Qd5 Be7 43. Nc4 Rd8 44. Qb5 1/2-1/2

[Event "EU-ch U14 Girls"]
[Site "Bratislava"]
[Date "2019.08.07"]
[Round "6"]
[White "Katter, Katharina"]
[Black "Karavitaki, Evaggelia"]
[Result "1/2-1/2"]
[WhiteElo "1844"]
[BlackElo "1710"]
[PlyCount "45"]
[EventDate "2019.08.02"]
[EventType "swiss"]
[EventRounds "9"]
[EventCountry "SVK"]
[SourceTitle "EXT 2020"]
[Source "ChessBase"]
[SourceDate "2019.10.17"]
[SourceVersion "1"]
[SourceVersionDate "2019.10.17"]
[SourceQuality "1"]

1. e4 c5 2. Nf3 e6 3. g3 Nc6 4. Bg2 d6 5. 0-0 Nf6 6. Qe2 Be7 7. Rd1 0-0 8. c3 a6 9. d4 cxd4 10. cxd4 b5 11. d5 exd5 12. exd5 Nb8 13. a4 bxa4 14. Nc3 Re8 15. h3 Bb7 16. Be3 Nbd7 17. Nh4 Nb6 18. Qd3 Rc8 19. Qd4 Nc4 20. Nxa4 Nd7 21. Nf5 Bf6 22. Qd3 Nxe3 23. Nxe3 1/2-1/2

[Event "EU-ch U14 Girls"]
[Site "Bratislava"]
[Date "2019.08.02"]
[Round "1"]
[White "Karavitaki, Evaggelia"]
[Black "Tarasenka, Aliaksandra"]
[Result "0-1"]
[WhiteElo "1710"]
[BlackElo "2192"]
[PlyCount "114"]
[EventDate "2019.08.02"]
[EventType "swiss"]
[EventRounds "9"]
[EventCountry "SVK"]
[SourceTitle "EXT 2020"]
[Source "ChessBase"]
[SourceDate "2019.10.17"]
[SourceVersion "1"]
[SourceVersionDate "2019.10.17"]
[SourceQuality "1"]

1. e4 c5 2. Nf3 Nc6 3. Bb5 e5 4. 0-0 Nge7 5. c3 g6 6. d4 cxd4 7. cxd4 exd4 8. Nxd4 Bg7 9. Nf3 0-0 10. Qd6 Qb6 11. Bxc6 Nxc6 12. Nc3 Qb4 13. Qxb4 Nxb4 14. a3 Nc2 15. Ra2 b6 16. b3 Na1 17. Rxa1 Bxc3 18. Ra2 Bb7 19. Rd1 Bxe4 20. Bd2 Bf6 21. Bb4 Rfd8 22. Bd6 Rac8 23. Re1 Bc2 24. b4 Kg7 25. h3 h5 26. Re2 Bb3 27. Rad2 Rc1+ 28. Kh2 Be6 29. Nd4 Ra1 30. Nc2 Ra2 31. b5 Bc4 32. Ne3 Bxe2 33. Rxa2 Bxb5 34. Rc2 Bc6 35. Kg1 Re8 36. Rd2 Be5 37. Nc4 Bxd6 38. Nxd6 Re1+ 39. Kh2 b5 40. Rd3 Re5 41. f3 a6 42. Kg3 Kf8 43. Kf4 f6 44. h4 Rd5 45. Rxd5 Bxd5 46. g4 Ke7 47. Nc8+ Ke6 48. gxh5 gxh5 49. Ke3 a5 50. Nb6 Bc6 51. a4 bxa4 52. Nc4 Bd5 53. Na3 Kd6 54. f4 Kc5 55. Kd3 Kb4 56. Nc2+ Kb3 57. Nd4+ Kb2 0-1

[Event "GRE-chT 47th"]
[Site "Patras"]
[Date "2019.07.05"]
[Round "6.5"]
[White "Dereka, Konstantina"]
[Black "Karavitaki, Evaggelia"]
[Result "0-1"]
[WhiteElo "1469"]
[BlackElo "1681"]
[PlyCount "46"]
[EventDate "2019.07.02"]
[EventType "team-swiss"]
[EventRounds "7"]
[EventCountry "GRE"]
[SourceTitle "CBM 191 Extra"]
[Source "ChessBase"]
[SourceDate "2019.09.30"]
[SourceVersion "1"]
[SourceVersionDate "2019.09.30"]
[SourceQuality "1"]
[WhiteTeam "Peristeriou SH"]
[BlackTeam "Chania SA"]
[WhiteTeamCountry "GRE"]
[BlackTeamCountry "GRE"]

1. d4 Nf6 2. c4 e6 3. Nf3 c5 4. d5 exd5 5. cxd5 d6 6. Nc3 g6 7. e4 Bg7 8. Bd3 0-0 9. 0-0 Re8 10. Re1 Bg4 11. h3 Bxf3 12. Qxf3 Nbd7 13. Bc2 Ne5 14. Qg3 a6 15. a4 Rb8 16. a5 Nc4 17. f4 Nxa5 18. e5 dxe5 19. fxe5 Nh5 20. Qh2 Nc4 21. e6 fxe6 22. dxe6 Qd4+ 23. Kh1 Be5 0-1

[Event "GRE-ch U14 Girls"]
[Site "Patras"]
[Date "2019.06.29"]
[Round "7.2"]
[White "Karavitaki, Evaggelia"]
[Black "Dereka, Konstantina"]
[Result "1/2-1/2"]
[WhiteElo "1681"]
[BlackElo "1475"]
[PlyCount "128"]
[EventDate "2019.06.25"]
[EventType "swiss"]
[EventRounds "9"]
[EventCountry "GRE"]
[SourceTitle "EXT 2020"]
[Source "ChessBase"]
[SourceDate "2019.10.17"]
[SourceVersion "1"]
[SourceVersionDate "2019.10.17"]
[SourceQuality "1"]
[WhiteTeam "Greece"]
[BlackTeam "Greece"]
[WhiteTeamCountry "GRE"]
[BlackTeamCountry "GRE"]

1. e4 c5 2. Nf3 d6 3. d4 cxd4 4. Nxd4 Nf6 5. Nc3 g6 6. g3 Bg7 7. Bg2 0-0 8. 0-0 Bd7 9. Nde2 Nc6 10. Nd5 Re8 11. Bg5 Nxd5 12. exd5 Ne5 13. b3 h6 14. Be3 Ng4 15. Bd4 Nf6 16. c4 Rc8 17. Re1 Qa5 18. Bc3 Qa6 19. Rc1 b5 20. cxb5 Bxb5 21. Nd4 Bd7 22. Qd2 Rc7 23. Ba1 Rxc1 24. Rxc1 Rc8 25. Rc2 h5 26. Qc1 Rxc2 27. Qxc2 Qb6 28. Qc4 Ne8 29. Bc3 Nc7 30. h3 Nb5 31. Nxb5 Bxb5 32. Qc8+ Kh7 33. Bxg7 Kxg7 34. Qc3+ Kg8 35. Bf3 Qc5 36. Qxc5 dxc5 37. Bd1 c4 38. a4 Ba6 39. bxc4 Bxc4 40. Bf3 a5 41. Bd1 Kg7 42. f4 Bxd5 43. Kf2 Kf6 44. Ke3 Ke6 45. Kd4 Kd6 46. h4 Bc6 47. Bc2 Be8 48. Bb3 f6 49. Bc2 e5+ 50. fxe5+ fxe5+ 51. Kc4 Kc6 52. Be4+ Kb6 53. Bc2 Bf7+ 54. Kc3 Kc5 55. Be4 Be8 56. Bc2 Kd5 57. Kd3 Kc5 58. Kc3 Kd5 59. Kd3 Kc5 60. Kc3 Bf7 61. Be4 Be8 62. Bc2 Kd5 63. Kd3 Kc5 64. Kc3 Kd5 1/2-1/2

[Event "GRE-ch U18 Girls"]
[Site "Rethymno"]
[Date "2019.01.03"]
[Round "2"]
[White "Karavitaki, Antonia"]
[Black "Karavitaki, Evaggelia"]
[Result "0-1"]
[WhiteElo "1481"]
[BlackElo "1763"]
[PlyCount "62"]
[EventDate "2019.01.02"]
[EventType "swiss"]
[EventRounds "7"]
[EventCountry "GRE"]
[SourceTitle "CBM 188 Extra"]
[Source "ChessBase"]
[SourceDate "2019.02.26"]
[SourceVersion "1"]
[SourceVersionDate "2019.02.26"]
[SourceQuality "1"]

1. d4 d5 2. c4 e6 3. Nc3 Nf6 4. Nf3 c6 5. Bg5 h6 6. Bh4 dxc4 7. e4 g5 8. Bg3 b5 9. e5 Nd5 10. Be2 Bb4 11. Qc2 Qa5 12. Rc1 Qxa2 13. 0-0 Nxc3 14. bxc3 Qxc2 15. Rxc2 Be7 16. Ra1 Nd7 17. Kf1 a5 18. Ke1 a4 19. Kd1 Bb7 20. Kc1 c5 21. Rb1 a3 22. Ra2 h5 23. h4 g4 24. Ne1 cxd4 25. Rxb5 Bc6 26. Rb1 d3 27. Bd1 Nc5 28. Bf4 Ne4 29. Bd2 Nxd2 30. Kxd2 Bxh4 31. Rba1 Bg5+ 0-1

[Event "EU-Cup 34th"]
[Site "Porto Carras"]
[Date "2018.10.18"]
[Round "7.6"]
[White "Karavitaki, Evaggelia"]
[Black "Fejzullahu, Afrim"]
[Result "0-1"]
[WhiteElo "1828"]
[BlackElo "2247"]
[PlyCount "198"]
[EventDate "2018.10.12"]
[EventType "team-swiss"]
[EventRounds "7"]
[EventCountry "GRE"]
[SourceTitle "CBM 187"]
[Source "ChessBase"]
[SourceDate "2018.12.11"]
[SourceVersion "1"]
[SourceVersionDate "2018.12.11"]
[SourceQuality "1"]
[WhiteTeam "Chania Chess Academy"]
[BlackTeam "Drejtesia"]
[WhiteTeamCountry "GRE"]
[BlackTeamCountry "KOS"]

1. e4 e5 2. Nf3 Nc6 3. Bb5 Nf6 4. d3 d6 5. c3 Bd7 6. 0-0 Be7 7. Re1 a6 8. Ba4 b5 9. Bc2 0-0 10. Nbd2 Re8 11. Nf1 Bf8 12. Bg5 h6 13. Bxf6 Qxf6 14. Ne3 g6 15. Nd5 Qd8 16. a4 Rb8 17. Qd2 Bg7 18. axb5 axb5 19. h3 Ne7 20. Nxe7+ Qxe7 21. Ra7 Bc6 22. Bb3 Ra8 23. Rea1 Rxa7 24. Rxa7 Ra8 25. Rxa8+ Bxa8 26. Qc1 Bc6 27. Qa1 Bd7 28. Qa7 c6 29. Kf1 Bf8 30. Qc7 Kg7 31. Ke2 f5 32. Kf1 fxe4 33. dxe4 Be8 34. Qxe7+ Bxe7 35. Ke2 Bd8 36. Bc2 Bf7 37. Bd3 Kf6 38. Ne1 Ke6 39. Nc2 Bg5 40. Ne3 Kd7 41. g3 h5 42. h4 Bh6 43. b4 Kc7 44. Kf3 Be6 45. Ke2 Kb6 46. f3 Bf8 47. Kd2 Be7 48. Ke2 g5 49. hxg5 Bxg5 50. Kf2 h4 51. gxh4 Bxh4+ 52. Ke2 Bg5 53. Kf2 Kc7 54. Ke2 Kd7 55. Nf5 Bxf5 56. exf5 d5 57. Bc2 Bf6 58. Kd2 Ke7 59. Bd3 Kf7 60. Bf1 Kg7 61. Ke3 Kh6 62. Bd3 Kg5 63. Bc2 Kh4 64. Kf2 Kg5 65. Ke3 Bd8 66. Bb1 Kh4 67. Kf2 Bb6+ 68. Ke2 Kg5 69. Bc2 Bc7 70. Ke3 Bd6 71. Bd3 Bf8 72. Ke2 Kf4 73. Bc2 Bh6 74. Bb1 Bg5 75. Bc2 Bf6 76. Bb1 e4 77. fxe4 dxe4 78. Ba2 Bxc3 79. Be6 Ke5 80. Bd7 Kd5 81. Be6+ Kd6 82. Ke3 Bxb4 83. Kxe4 Bc3 84. Kd3 Bf6 85. Kc2 c5 86. Kd3 Kc6 87. Bf7 Kb6 88. Be6 Ka5 89. Bf7 Kb4 90. Bd5 c4+ 91. Kc2 Kc5 92. Bf3 b4 93. Be2 b3+ 94. Kb1 Kb4 95. Bd1 c3 96. Kc1 Bg5+ 97. Kb1 Ka3 98. f6 Bxf6 99. Kc1 Ka2 0-1

[Event "EU-Cup 34th"]
[Site "Porto Carras"]
[Date "2018.10.13"]
[Round "2.6"]
[White "Karavitaki, Evaggelia"]
[Black "Scharapov, Yvan"]
[Result "0-1"]
[WhiteElo "1828"]
[BlackElo "1698"]
[PlyCount "148"]
[EventDate "2018.10.12"]
[EventType "team-swiss"]
[EventRounds "7"]
[EventCountry "GRE"]
[SourceTitle "CBM 187"]
[Source "ChessBase"]
[SourceDate "2018.12.11"]
[SourceVersion "1"]
[SourceVersionDate "2018.12.11"]
[SourceQuality "1"]
[WhiteTeam "Chania Chess Academy"]
[BlackTeam "Amaytos"]
[WhiteTeamCountry "GRE"]
[BlackTeamCountry "BEL"]

1. e4 e5 2. Nf3 Nc6 3. c3 d5 4. Qa4 Qd6 5. Bb5 Bd7 6. exd5 Qxd5 7. 0-0 Nh6 8. Re1 0-0-0 9. Bc4 Qd6 10. b4 a6 11. Na3 Nd4 12. Qd1 Nxf3+ 13. Qxf3 Bc6 14. Qe2 Qg6 15. f3 Bd6 16. b5 axb5 17. Bxb5 Bc5+ 18. Kh1 Rhe8 19. Bxc6 Qxc6 20. Nc4 Nf5 21. Ne3 Nxe3 22. dxe3 Rd7 23. e4 Red8 24. Be3 Bxe3 25. Qxe3 Qa4 26. h3 f6 27. f4 Rd2 28. fxe5 R2d3 29. Qf2 fxe5 30. Qf5+ Qd7 31. Qxe5 Re8 32. Qf5 g6 33. Qxd7+ Rxd7 34. Re3 Rd2 35. Rf1 Kd7 36. e5 Rxa2 37. Kh2 Rd2 38. Kg3 Rd5 39. Rf7+ Re7 40. Rxe7+ Kxe7 41. Kf4 Ke6 42. g4 h6 43. h4 b5 44. Re2 Rc5 45. Re3 Rc4+ 46. Kf3 c5 47. Kg3 b4 48. cxb4 cxb4 49. Re2 b3 50. Rb2 Rb4 51. h5 gxh5 52. gxh5 Kxe5 53. Kf3 Kf5 54. Ke3 Kg5 55. Kd3 Kxh5 56. Kc3 Rb6 57. Rh2+ Kg4 58. Kb2 h5 59. Rg2+ Kh3 60. Rg8 Rb4 61. Rg7 h4 62. Rg8 Rg4 63. Rd8 Rg3 64. Rd4 Rg4 65. Rd3+ Kh2 66. Rxb3 Rg2+ 67. Kb1 h3 68. Rc3 Rg3 69. Rc2+ Kh1 70. Rc7 h2 71. Kb2 Rg1 72. Kb3 Kg2 73. Rc2+ Kg3 74. Rc3+ Kf4 0-1